|
|
|
|
| LEADER |
01977nam a2200469 i 4500 |
| 001 |
EBC3138652 |
| 003 |
MiAaPQ |
| 005 |
20200520144314.0 |
| 006 |
m o d | |
| 007 |
cr cnu|||||||| |
| 008 |
140917t20142014nyu ob 001 0 eng d |
| 020 |
|
|
|z 9780801479595
|
| 020 |
|
|
|a 9780801454677
|q (electronic bk.)
|
| 035 |
|
|
|a (MiAaPQ)EBC3138652
|
| 035 |
|
|
|a (Au-PeEL)EBL3138652
|
| 035 |
|
|
|a (CaPaEBR)ebr10928468
|
| 035 |
|
|
|a (CaONFJC)MIL681612
|
| 035 |
|
|
|a (OCoLC)922998723
|
| 040 |
|
|
|a MiAaPQ
|b eng
|e rda
|e pn
|c MiAaPQ
|d MiAaPQ
|
| 043 |
|
|
|a a-cc---
|
| 050 |
|
4 |
|a HG1285
|b .G74 2014
|
| 082 |
0 |
|
|a 332.4/50951
|2 23
|
| 245 |
0 |
4 |
|a The Great Wall of money :
|b power and politics in China's international monetary relations /
|c edited by Eric Helleiner and Jonathan Kirshner.
|
| 264 |
|
1 |
|a Ithaca, New York :
|b Cornell University Press,
|c 2014.
|
| 264 |
|
4 |
|c 2014
|
| 300 |
|
|
|a 1 online resource (289 pages).
|
| 336 |
|
|
|a text
|2 rdacontent
|
| 337 |
|
|
|a computer
|2 rdamedia
|
| 338 |
|
|
|a online resource
|2 rdacarrier
|
| 490 |
1 |
|
|a Cornell Studies in Money
|
| 504 |
|
|
|a Includes bibliographical references and index.
|
| 588 |
|
|
|a Description based on print version record.
|
| 590 |
|
|
|a Electronic reproduction. Ann Arbor, MI : ProQuest, 2015. Available via World Wide Web. Access may be limited to ProQuest affiliated libraries.
|
| 650 |
|
0 |
|a Monetary policy
|z China.
|
| 651 |
|
0 |
|a China
|x Foreign economic relations.
|
| 655 |
|
4 |
|a Electronic books.
|
| 700 |
1 |
|
|a Helleiner, Eric,
|d 1963-
|e editor.
|
| 700 |
1 |
|
|a Kirshner, Jonathan,
|e editor.
|
| 776 |
0 |
8 |
|i Print version:
|t Great Wall of money : power and politics in China's international monetary relations.
|d Ithaca, New York : Cornell University Press, c2014
|h xiii, 274 pages
|k Cornell studies in money.
|z 9780801479595
|w 2014011483
|
| 797 |
2 |
|
|a ProQuest (Firm)
|
| 830 |
|
0 |
|a Cornell studies in money.
|
| 856 |
4 |
0 |
|u https://ebookcentral.proquest.com/lib/matrademy/detail.action?docID=3138652
|z Click to View
|